| 000 | 01019nam a22002417a 4500 | ||
|---|---|---|---|
| 005 | 20130724114507.0 | ||
| 008 | 130724b -cn||||| |||| 00| 0 spa d | ||
| 020 | _a9292253271 | ||
| 041 | _aspa | ||
| 044 | _acn | ||
| 082 |
_a338.9 _bU58p |
||
| 245 | _aProtocolo de Nagoya-Kuala Lumpur sobre responsabilidad y compensación suplementario al protocolo de Cartagena sobre seguridad de la biotecnología | ||
| 246 | _aProtocolo suplementario de Nagoya-Kuala Lumpur | ||
| 260 |
_aMontreal (Canadá) _bSecretaría del convenio sobre diversidad biológica _c2011 |
||
| 300 |
_a10 p. _c22 cm. |
||
| 650 |
_aSeguridad de la biotecnología _9916 |
||
| 650 |
_aBiodiversidad _xDerecho y legislación _9917 |
||
| 650 |
_aDerecho del medio ambiente _9918 |
||
| 650 |
_aBiodiversidad _xCooperación internacional _9919 |
||
| 650 |
_aBiotecnología _9460 |
||
| 710 |
_aLas Naciones Unidas _bSecretaría del convenio sobre diversidad biológica _bPrograma de las naciones unidas para el medio ambiente _9920 |
||
| 942 |
_2ddc _cIMPRESO |
||
| 999 |
_c7444 _d7444 |
||